Pedagogická dvorana plná podnetov

Bibliographic Details
Main Author: Klein Jakubcová, Danica, 1947- (Author)
Format: Article
Language:Slovak
Subjects:

MARC

LEADER 00000nab a2200000 a 4500
001 vtls000760339
003 SK-MaSNL
005 20260303190132.0
008 140302c2001 xo 0 slo
015 |a SNBRB2001/06-17278 
035 |a CLN000112126 
040 |a SNKBUCL  |b slo  |c SNKBUCL  |e AACR2 
041 0 |a slo 
044 |a xo  |c SK 
080 |a 37.03:061.3  |2 1997 
100 1 |a Klein Jakubcová, Danica,  |d 1947-  |4 aut  |9 222295 
245 1 0 |a Pedagogická dvorana plná podnetov  |c Danica Jakubcová 
300 |b Fotogr. 
650 0 7 |a hudobná výchova  |2 snkbucl  |9 1662 
655 7 |a články z novín a časopisov  |2 snkbucl  |9 267496 
773 0 |t Učiteľské noviny  |g Roč. 51, č. 23 (2001), s. 12 
850 |a Slovenská národná knižnica v Martine 
852 |a SNK  |b KIS3GCP 
958 |a SK 
992 |a RBX 
999 |c 2134708  |d 2136638